<?xml version="1.0" encoding="UTF-8"?><?xml-stylesheet type="text/xsl" href="static/style.xsl"?><OAI-PMH xmlns="http://www.openarchives.org/OAI/2.0/" xmlns:xsi="http://www.w3.org/2001/XMLSchema-instance" xsi:schemaLocation="http://www.openarchives.org/OAI/2.0/ http://www.openarchives.org/OAI/2.0/OAI-PMH.xsd"><responseDate>2026-04-14T18:25:03Z</responseDate><request verb="GetRecord" identifier="oai:uvadoc.uva.es:10324/47" metadataPrefix="marc">https://uvadoc.uva.es/oai/request</request><GetRecord><record><header><identifier>oai:uvadoc.uva.es:10324/47</identifier><datestamp>2022-03-02T09:54:46Z</datestamp><setSpec>com_10324_30605</setSpec><setSpec>com_10324_894</setSpec><setSpec>col_10324_41</setSpec></header><metadata><record xmlns="http://www.loc.gov/MARC21/slim" xmlns:doc="http://www.lyncode.com/xoai" xmlns:xsi="http://www.w3.org/2001/XMLSchema-instance" xmlns:dcterms="http://purl.org/dc/terms/" xsi:schemaLocation="http://www.loc.gov/MARC21/slim http://www.loc.gov/standards/marcxml/schema/MARC21slim.xsd">
<leader>00925njm 22002777a 4500</leader>
<datafield tag="042" ind1=" " ind2=" ">
<subfield code="a">dc</subfield>
</datafield>
<datafield tag="720" ind1=" " ind2=" ">
<subfield code="a">Martín Cruz, Teresa Natalia</subfield>
<subfield code="e">author</subfield>
</datafield>
<datafield tag="260" ind1=" " ind2=" ">
<subfield code="c">2000</subfield>
</datafield>
<datafield tag="520" ind1=" " ind2=" ">
<subfield code="a">El interés de la obra reside en el tratamiento de la regulación como un proceso múltiple, dinámico y en constante evolución, en la presentación de un modelo ecléctico de regulación y en las conclusiones que se extraen del contraste empírico del mismo para las transacciones farmacéuticas. El modelo permite explicar las formas regulatorias alternativas a las que son sometidas la transacciones. Los resultados obtenidos y las conclusiones extraídas de la aplicación del modelo en la industria farmacéutica, constituyen, sin duda una contribución significativa en la justificación de las distintas formas de regular la comercialización y consumo de medicamentos, lo que supone un importante paso en la comprensión de la cada vez mayor intervención a la que se ven sometidas las actividades en esta industria y del difícil proceso de harmonización regulatoria emprendido por las autoridades farmacéuticas internacionales</subfield>
</datafield>
<datafield tag="024" ind2=" " ind1="8">
<subfield code="a">http://uvadoc.uva.es/handle/10324/47</subfield>
</datafield>
<datafield tag="024" ind2=" " ind1="8">
<subfield code="a">b1117829</subfield>
</datafield>
<datafield tag="024" ind2=" " ind1="8">
<subfield code="a">10.35376/10324/47</subfield>
</datafield>
<datafield ind1=" " ind2=" " tag="653">
<subfield code="a">Medicamentos - Coste</subfield>
</datafield>
<datafield ind1=" " ind2=" " tag="653">
<subfield code="a">Industria farmacéutica - España</subfield>
</datafield>
<datafield ind1=" " ind2=" " tag="653">
<subfield code="a">Industria farmacéutica - Estados Unidos</subfield>
</datafield>
<datafield tag="245" ind1="0" ind2="0">
<subfield code="a">Una aproximación a la política de los costes de transacción a través del análisis institucional comparado. La regulación de medicamentos en dos ámbitos institucionales. La industria farmacéutica en España y Estados Unidos</subfield>
</datafield>
</record></metadata></record></GetRecord></OAI-PMH>